| 000 | 00833cam a22001814a 4500 | ||
|---|---|---|---|
| 005 | 20250605164402.0 | ||
| 008 | 250528s ||||||||||||||||||||||||d | ||
| 035 | _a24653 | ||
| 040 |
_aGR-AtMCL _bgre _dGR-AtMCL _eAACR2 |
||
| 245 | 1 | _aΗ Πανδημία μας Δίδαξε Ότι Τίποτα δεν Είναι Δεδομένο | |
| 260 |
_bMorax Media S.A, _c2021 |
||
| 300 | _a80 | ||
| 520 | _aΟι Μετανάστες της Κλιματικής Αλλαγής, Ιδιωτική Ασφάλιση: Το Μέλλον Είναι Εδώ, 'Κοινότητες Αλληλεγύης' στην Ελλάδα, Η Απειλή της Κλιματικής Κρίσης και η Λύση των ΣΔΙΤ. | ||
| 700 | 1 |
_aΜωράκης Φίλιππος _99500 |
|
| 942 | _cCR | ||
| 999 |
_c9520 _d9520 |
||